000 00367nam a22001217a 4500
999 _c515485
_d515485
082 _aTNC Y15x54331 M687
100 _aMishra, S. N.
_921086
245 _aLand reforms and distributive justice
_cby S. N. Mishra
260 _aNew Delhi
_bMittal
_c1991
300 _a213p.
650 _aDistributive justice
_923353
650 _aLand reform - India - case studies
_923354